NFL Plays with a Nickname - Statistics

General Stats
  • This quiz has been taken 46 times
  • The average score is 7 of 25
Answer Stats
Game Team Opponent Play % Correct
Super Bowl XLII New York Giants New England Patriots The Helmet Catch
68%
2017 NFC Divisional Minnesota Vikings New Orleans Saints Minneapolis Miracle
65%
1981 NFC Championship San Francisco 49ers Dallas Cowboys The Catch
57%
Week 14, 2018 Miami Dolphins New England Patriots Miami Miracle
54%
1972 AFC Divisional Pittsburgh Steelers Oakland Raiders The Immaculate Reception
51%
Week 12, 2012 New York Jets New England Patriots The Butt Fumble
49%
1999 AFC Wild Card Tennessee Titans Buffalo Bills Music City Miracle
46%
2010 NFC Wild Card Seattle Seahawks New Orleans Saints Beastquake
32%
Super Bowl XXXIV St. Louis Rams Tennessee Titans The Tackle/One Yard Short
32%
1987 AFC Championship Cleveland Browns Denver Broncos The Fumble
30%
Week 13, 1978 Philadelphia Eagles New York Giants Miracle at the Meadowlands
27%
1975 NFC Divisional Dallas Cowboys Minnesota Vikings The Hail Mary
27%
Super Bowl XXV Buffalo Bills New York Giants Wide Right
24%
Week 10, 2009 Indianapolis Colts New England Patriots 4th and 2
19%
Super Bowl LIV Kansas City Chiefs San Francisco 49ers Jet Chip Wasp
19%
2003 NFC Divisional Philadelphia Eagles Green Bay Packers 4th and 26
16%
Week 13, 1994 Miami Dolphins New York Jets The Fake Spike
16%
Week 2, 1978 Oakland Raiders San Diego Chargers The Holy Roller
16%
Week 3, 2022 Miami Dolphins Buffalo Bills The Butt Punt
14%
Super Bowl XLIV New Orleans Saints Indianapolis Colts Ambush
11%
1974 AFC Divisional Oakland Raiders Miami Dolphins Sea of Hands
11%
1977 AFC Championship Oakland Raiders Baltimore Colts The Ghost to the Post
11%
Week 12, 1993 Dallas Cowboys Miami Dolphins The Leon Lett
8%
Super Bowl IV Kansas City Chiefs Minnesota Vikings 65 Toss Power Trap
5%
1998 NFC Wild Card San Francisco 49ers Green Bay Packers The Catch II
5%
No matching quizzes found
Score Distribution
Percent of People with Each Score
Percentile by Number Answered
Your Score History
You have not taken this quiz